[Event "Wroclaw op-B 7th"]
[Site "Wroclaw"]
[Date "2012.07.10"]
[Round "9"]
[White "Somyk, Marcin"]
[Black "Dzikowski, Michal"]
[Result "1-0"]
[WhiteElo "1979"]
[BlackElo "1857"]
[PlyCount "79"]
[EventDate "2012.07.02"]
[EventType "swiss"]
[EventRounds "9"]
[EventCountry "POL"]
[SourceTitle "EXT 2013"]
[Source "ChessBase"]
[SourceDate "2012.11.22"]
[SourceVersion "1"]
[SourceVersionDate "2012.11.22"]
[SourceQuality "1"]

1. Nf3 c6 2. c4 Nf6 3. Nc3 g6 4. d4 Bg7 5. e4 d6 6. h3 Na6 7. Bg5 h6 8. Be3 Be6 9. Qd2 Nc7 10. g4 d5 11. exd5 cxd5 12. c5 h5 13. g5 Ne4 14. Qc2 0-0 15. Bd3 Na6 16. a3 Qa5 17. Kf1 Nxc3 18. Bd2 Nb4 19. Qxc3 Qc7 20. Qxb4 Qc8 21. Kg2 Bg4 22. Ne5 Bf5 23. Qb3 f6 24. Nxg6 Bxg6 25. Bxg6 fxg5 26. Qxd5+ e6 27. Qxg5 Qc6+ 28. d5 exd5 29. Qxh5 Rf6 30. Bh7+ Kf8 31. Bg5 d4+ 32. f3 Qxc5 33. Rac1 Qb5 34. Qh4 Qxb2+ 35. Rc2 Qb6 36. Bxf6 Bxf6 37. Qh6+ Bg7 38. Qxb6 axb6 39. Ra2 b5 40. Rb1 1-0

[Event "Wroclaw op-B 7th"]
[Site "Wroclaw"]
[Date "2012.07.06"]
[Round "5"]
[White "Somyk, Marcin"]
[Black "Piotrowski, Przemyslaw"]
[Result "0-1"]
[WhiteElo "1979"]
[BlackElo "1933"]
[PlyCount "68"]
[EventDate "2012.07.02"]
[EventType "swiss"]
[EventRounds "9"]
[EventCountry "POL"]
[SourceTitle "EXT 2013"]
[Source "ChessBase"]
[SourceDate "2012.11.22"]
[SourceVersion "1"]
[SourceVersionDate "2012.11.22"]
[SourceQuality "1"]

1. d4 g6 2. Nf3 Bg7 3. c4 d6 4. Nc3 Nf6 5. Bf4 0-0 6. e3 Nbd7 7. Be2 Nh5 8. Bg5 h6 9. Bh4 f5 10. Qc2 g5 11. Nd2 Ndf6 12. Qd1 Qe8 13. Nb5 Qg6 14. Nxc7 Rb8 15. Nd5 Re8 16. g4 fxg4 17. Bg3 Nxd5 18. cxd5 Nf6 19. Qb3 Bf5 20. Rc1 h5 21. f3 gxf3 22. Bxf3 h4 23. Bf2 g4 24. Rg1 Rec8 25. Rc3 Bc2 26. Rxc8+ Rxc8 27. Qxb7 Bf5 28. Nb3 Rc2 29. Qxe7 Rxb2 30. Bxh4 Rb1+ 31. Bd1 Bc2 32. Bxf6 Rxd1+ 33. Kf2 Qf5+ 34. Ke2 Qf3# 0-1